000 01069cam a2200289 i 4500
001 42528
003 Mx-PuUPA
005 20260120203229.0
008 140415s2020 mx gr 000 0 spa d
020 _a9786077132141
040 _aMx-PuUPA
_bspa
_cMx-PuUPA
_dMx-PuUPA
_erda
041 0 _aspa
100 1 _aRodríguez López, Miguel,
_eautor
_917740
245 1 0 _aCómo educar a niños con déficit de atención :
_bguía para padres y maestros /
_cMiguel Rodríguez López
250 _aPrimera edición /
_bnoviembre
264 1 _aCiudad de México :
_bEditorial Terracota,
_c2020
300 _a159 páginas :
_btablas ;
_c24 cm
336 _2rdacontent
_atexto
_btxt
337 _2rdamedia
_asin medio
_bn
338 _2rdacarrier
_avolumen
_bnc
650 7 _2armarc
_aTrastorno por déficit de atención con hiéractividad en niños
_xEducación
650 7 _2armarc
_aTrastornos de la conducta infantil
650 7 _2armarc
_aEducación de niños hiperactivos
942 _2ddc
_cLI
_h371.9
_iR68
999 _c42528
_d42528